Mississippi Burning (Registro nro. 44857)

Detalles MARC
000 -ENCABEZADO
Número de control [NR] 02427nam a2200373Ia 4500
005 - FECHA Y HORA DE LA ÚLTIMA TRANSACCIÓN
control field 20140728172134.0
008 - DE LONGITUD FIJA DE DATOS DE ELEMENTOS - INFORMACIÓN GENERAL
Elementos de longitud fija [NR] 130821s1988 xxu g q mlmul d
040 ## - FUENTE DE CATALOGACION [NR]
Agencia de catalogación original [NR] CO-BoUCM
Idioma de catalogación [NR] spa
Quien Cataloga
Quien Clasifica [Nuevo]
041 ## - CODIGO DE IDIOMA [R]
Código de idioma para texto/pista de sonido o título separado [R] Inglés
041 ## - CODIGO DE IDIOMA [R]
Código de idioma para texto/pista de sonido o título separado [R] Español
092 ## - SIGNATURA TOPOGRAFICA LOCAL
Número de clasificación local DVD 0039
245 00 - MENCION DE TITULO [NR]
Título [NR] Mississippi Burning
Mención de responsabilidad, etc. [NR] Alan Parker, director
Medio físico [NR] [DVD]
246 13 - FORMA VARIANTE DEL TITULO [R]
Título propiamente dicho/forma breve del título [NR] Mississippi en llamas
246 13 - FORMA VARIANTE DEL TITULO [R]
Título propiamente dicho/forma breve del título [NR] Arde Mississippi
260 ## - PUBLICACION, DISTRIBUCION, ETC. (PIE DE IMPRENTA) [R]
Lugar de publicación, distribución, etc. [R] Santa Mónica (California, Estados Unidos)
Nombre del editor, distribuidor, etc. [R] Orion Pictures
Fecha de publicación, distribución, etc. [R] 1988
300 ## - DESCRIPCION FISICA [R]
Extensión [R] 1 DVD, 127 minutos
Otros detalles físicos [NR] imagen, sonido, color
500 ## - NOTA GENERAL [R]
Nota general [NR] SINOPSIS : Basada en sucesos reales. En 1964, en un pueblo de la América profunda donde el racismo está profundamente arraigado en la mente de la mayoría de los blancos, y donde el Ku Klux Klan todavía celebra sus actos y reuniones, tres activistas defensores de los derechos humanos desaparecen sin dejar rastro. Dos agentes del FBI, de caracteres muy diferentes, se harán cargo de la investigación
508 ## - NOTA DE CREDITOS DE CREACION/PRODUCCION [R]
Nota de créditos de creación/producción [NR] CRÉDITOS: Dirigida por Alan Parker ; escrita por Chris Gerolmo ; producida por Robert F. Colesberry ; música por Trevor Jones ; fotografía por Peter Biziou ; diseño de producción por Philip Harrison ; dirección de arte por John Willett ; ambientación por Jim Erickson ; vestuario por Aude Bronson-Howard ; maquillaje por David Craig Forrest
511 0# - NOTA DE PARTICIPANTE O INTERPRETE [R]
Nota de participante o intérprete [NR] REPARTO: Gene Hackman, Willem Dafoe, Frances McDormand, Brad Dourif, R. Lee Ermey, Gailard Sartain, Stephen Tobolowsky, Michael Rooker, Pruitt Taylor Vince, Badja Djola
546 ## - NOTA DE IDIOMA [R]
Nota de idioma [NR] Audio en inglés, francés y español. Subtítulos en francés y español
586 ## - NOTA DE PREMIOS [R]
Nota de premios [NR] Ganadora de un premio Oscar de la Academia, 1989 (mejor película)
650 04 - ASIENTO SECUNDARIO DE MATERIA - TERMINO TEMATICO [R]
Término temático o nombre geográfico como elemento de entrada [NR] Activistas de los derechos humanos
Subdivisión geográfica [R] Estados Unidos
Subdivisión de forma [R] DVD
9 (RLIN) 8445
650 04 - ASIENTO SECUNDARIO DE MATERIA - TERMINO TEMATICO [R]
Término temático o nombre geográfico como elemento de entrada [NR] Derechos humanos
9 (RLIN) 26476
650 04 - ASIENTO SECUNDARIO DE MATERIA - TERMINO TEMATICO [R]
Término temático o nombre geográfico como elemento de entrada [NR] Películas cinematográficas
Subdivisión geográfica [R] Estados Unidos
Subdivisión de forma [R] DVD
9 (RLIN) 51326
650 04 - ASIENTO SECUNDARIO DE MATERIA - TERMINO TEMATICO [R]
Término temático o nombre geográfico como elemento de entrada [NR] Problemas sociales
9 (RLIN) 22324
650 04 - ASIENTO SECUNDARIO DE MATERIA - TERMINO TEMATICO [R]
Término temático o nombre geográfico como elemento de entrada [NR] Problemas sociales
Subdivisión geográfica [R] Estados Unidos
Subdivisión de forma [R] DVD
9 (RLIN) 22324
650 04 - ASIENTO SECUNDARIO DE MATERIA - TERMINO TEMATICO [R]
Término temático o nombre geográfico como elemento de entrada [NR] Racismo
Subdivisión geográfica [R] Estados Unidos
Subdivisión de forma [R] DVD
9 (RLIN) 23026
700 1# - ASIENTO SECUNDARIO - NOMBRE PERSONAL [R]
Nombre personal [NR] Parker, Alan
Término de relación [R] director
9 (RLIN) 63393
710 2# - ASIENTO SECUNDARIO - NOMBRE CORPORATIVO [R]
Nombre corporativo o de jurisdicción como elemento de entrada [NR] Metro-Goldwyn-Mayer
9 (RLIN) 56400
710 2# - ASIENTO SECUNDARIO - NOMBRE CORPORATIVO [R]
Nombre corporativo o de jurisdicción como elemento de entrada [NR] Orion Pictures
9 (RLIN) 63394
765 0# - ASIENTO DE IDIOMA ORIGINAL [R]
Título [NR] Mississippi Burning
856 40 - LOCALIZACION Y ACCESO ELECTRONICOS [R]
Identificador Uniforme del Recurso (“URI”) [R] <a href="http://www.youtube.com/watch?v=SUtlJwfNEtI">http://www.youtube.com/watch?v=SUtlJwfNEtI</a>
Nota dirigida al público [R] Siga este enlace para ver el trailer
-- Trailer tomado del canal MOVIECLIPS Classic Trailers vía YouTube.com
942 ## - ELEMENTOS DE ENTRADA AGREGADOS (KOHA)
Koha item type Multimedia
Source of classification or shelving scheme LOCAL
Tema principal Entretenimiento
Edition 1
Classification part DVD 0039
Existencias
Suprimido Perdido Sistema de clasificación Dañado No prestable Tipo de ítem específico Ubicación habitual Ubicación actual Localización Fecha de creación Costo Total préstamos Signatura topográfica Código de barras Última vez visto Fecha de último préstamo Ejemplar Price effective from Tipo de ítem Forma de adquisición Total Renewals
    LOCAL   Préstamo restringido DVD Procesos Técnicos (no para préstamo) Procesos Técnicos (no para préstamo) Procesos Técnicos 28/02/2005 23490.00 3 DVD 0039 100102744 04/12/2025 07/05/2012 Ej.1 03/02/2013 Multimedia    
    LOCAL     DVD Quinta de Mutis Quinta de Mutis Colección digital 28/02/2010 26000.00 11 DVD 0039 100104202 12/12/2025 06/12/2013 Ej.2 03/02/2013 Multimedia Donación 1